000 00793nam a2200253 i 4500
001 bg
100 1 _aLISOWSKI, Jerzy Lech
245 1 0 _aPodstawy zarządzania jakością w budownictwie /
_cJerzy Lisowski ; Politechnika Białostocka.
260 _aBiałystok :
_bDział Wydawnictw i Poligrafii PB,
_c2000.
300 _a218 s. :
_bil. ;
_c23 cm.
504 _aBibliogr.
650 9 _aBudownictwo
_xnormalizacja
650 9 _aBudownictwo
_xzarządzanie
650 9 _aZarządzanie jakością
_xbudownictwo
655 _aPodręczniki akademickie
710 0 _aPolitechnika Białostocka
020 _a8388229117
040 _cBPK
041 0 _apl
080 _a658.1/.5.012.4::69:006.3/.8](07)
920 _a83-88229-11-7
942 _cKS
008 s pl f |000 0 pol
999 _c42450
_d42450
856 _uhttp://koha.tu.koszalin.pl/cgi-bin/koha/opac-detail.pl?biblionumber=42450
_yKatalog online BPK